00702nam a2200217 i 4500003000400000005001700004008004100021020004300062040002500105082001900130245007900149264004700228264001100275300002700286336002100313337002500334338002300359500001900382650004400401700003900445OSt20240908141949.0201021t19931993my e a001 0 may d a9836211594qpaperbackcRM10.00 (denda) aPPAKbengcPPAKerda04223a899.23330900aNOVEL-NOVEL MALAYSIA dalam kritikan /cDISELENGGARAKAN OLEH HAMZAH HAMDANI 1aSelangor :bDewn Bahasa dan Pustaka,c1993 4c©1993 axx, 373 pages :c21 cm 2rdacontentatext 2rdamediaaunmediated 2rdacarrieravolume aIncludes index10aMalay fiction vHistory and description0 aHamzah Hamdani, d1953-ecompiler.